000 00593nam a22001937u 4500
001 6410
003 OSt
005 20170818153059.0
008 161220s1994 xxu||||| |||| 00| 0 d
024 7 _a6410
_2RID
024 7 _a6410
_2RSN (alt)
040 _cOSt
245 0 0 _aTrade Policy Reform in the Countries of the Former Soviet Union
260 _aWashington, D.C. :
_bInternational Monetary Fund,
_c1994.
710 2 _aInternational Monetary Fund (IMF)
888 _x1020-0576
942 _cP
999 _c5978
_d5978